Multiple Choice City Quiz – Annapolis - Statistics

General Stats
  • This quiz has been taken 74 times
    68 since last reset
  • The average score is 6 of 10
Answer Stats
Question Answer % Correct
What major bay is Annapolis on? Chesapeake Bay
96%
Which U.S. Military Branch has their academy in Annapolis? Navy
91%
The Maryland State House is what picture?
84%
Someone from Annapolis is called a(n) what? Annapolitan
76%
Which peoples founded Annapolis? Exiled Puritans
67%
What is Annapolis the smallest of, in terms of capital cities? Land Area
51%
The largest storm surge in Annapolis came from which Hurricane? Hurricane Isabel
45%
What river is Annapolis situated on the mouth of? Severn River
40%
What was the 2007 Annapolis Conference about? Peace in the Middle East
35%
What was the old name of Annapolis when first settled? Providence
18%
No matching quizzes found
Score Distribution
Percent of People with Each Score
Percentile by Number Answered
Your Score History
You have not taken this quiz since the last reset